03109nam a22003377a 4500003000900000008004100009040007100050082002400121110004200145245004600187260002800233300004600261440010200307505194300409650002602352650002302378650003002401650002802431650002002459650001702479650002402496650002602520650002302546700002402569700003102593700002602624700003302650700003202683700002602715700003002741AR-CdUCM190425b ||||| |||| 00| 0 spa d aMUNICIPALIDAD PROVINCIAL DEL CUSCOcBIBLIOTECA MUNICIPAL DEL CUSCO aRev.IAAC/N°14/1994 aInstituto Americano de Arte del Cuzco aRevista del Instituto Americano de Arte / aCusco :bUNSAAC,c1995. a293 páginas. :bilustraciones ;c20 cm. aRevista del Instituto Americano de Arte Cuzco.nAño [XIV], [?] semestre de 1994, N°14. Vol.[?] aContenido: Cincuenta años de cusqueñismo. Miguel H. Milla. -- Humberto Vidal y su creación de las fiestas del Cusco. Julio A. Gutiérrez Samanez. -- A los cincuenta años del Inti Raymi. Manuel Aparicio. -- Las impulsoras del cusqueñismo y del Inti Raymi. Tania Gutiérrez Samanez. -- Qosqo grandeza de ayer, reflexiones de hoy. Lucio Velásquez Velásquez. -- Runa Simiwan harawi canto al lenguaje humano. José Aragón Aedo. -- El Cusco de ayer. Irma Aquise de Muñiz. -- Antología de la música cusqueña siglos XIX-XX. Eleodoro Justiniani Flórez. -- La supuesta diarquía de los Incas. John Hwland Rowe. -- La coca en perspectiva histórica. Patricia Lyon. -- La escritura de los antiguos peruanos. Humberto Covarrubias Campana. -- La iglesia de la Compañía de Jesús una joya del barroco americano. Roberto Samanez Argumedo. -- Narciso Aresteguí y la novela del Padre Horan. Julio Miranda Bernal. -- El velorio del angelito. María del Carmen de Ferro. -- Mito y rito del maíz en Yucay Urubamba. Demetrio Roca Wallparimachi. -- Pancho Gómez Negrón y el folklore cusqueño. Abraham Valencia Espinoza. -- Danzas folkloricas del Cuzco y la región Inka. Lizardo Pérez Araníbar. -- Intangibilidad del traje típico. Maximiliana Palomino de Sierra. -- Disolución y restitución de la comunidad campesina de Harin. José Gonzáles Ríos. -- Riqueza y variedad de los patrones de alimentación de la cultura andina. Aurelio Carmona Cruz. -- El problema del indio y del indigenismo. Humberto Vidal Unda. -- Acuarelas e identidad cusqueña. Josué Aguilar Meza. -- Notas para la historia del Turismo en el Cusco. Eldi Flores Najar. -- Un museo nacional para el Cusco. Manuel Chávez Ballón. -- El Qosqo de Martín Chambi. -- El Qosqo en el lente de Martín Chambi, Jorge Flores Ochoa. -- Discursos necrológicos en el sepelio de Julio G. Gutiérrez. -- Actividades institucionales. aLiteratura cusqueña aPoetas cusqueños aIntelectuales cusqueños aFotografía cusqueña aMartín Chambi aArte popular aMúsica cusqueña aArquitectura colonial aTemplos coloniales aFlores Ochoa, Jorge aGutiérrez Samanez, Julio aMiranda Bernal, Julio aRoca Wallparimachi, Demetrio aPérez Araníbar, Lizardo aCarmona Cruz, Aurelio aChávez Ballón, Manuel